| 000 | 00501nam a2200145 4500 | ||
|---|---|---|---|
| 008 | 020307s us eng | ||
| 090 |
_aQL755.5 _bR47 |
||
| 100 | 1 | _aRinard, Judith E. | |
| 245 | 1 | 0 |
_aCreatures of the night / _cJudith E. Rinard. |
| 260 |
_aWashington, D.C. : _bNational Geographic Society, . |
||
| 300 |
_a31 p. : _bill. |
||
| 490 | 1 | _aBooks for young explorers | |
| 650 | 4 |
_aNoctural animals _xJuvenile literature. |
|
| 951 |
_p15513 _x00007645 _oQL755.5/R47 _j070613111052671 _d2000-12-21 _cOS |
||
| 999 |
_c8000 _d8000 |
||